Statystyki dla Czy rozpoznasz polskiego rapera po tytule piosenki?

Kliknij tutaj aby rozwiązać quiz!

Ogólne statystyki

  • Ten quiz został rozwiązany 223 razy
  • Średni wynik to 8 z 15

Statystyki odpowiedzi

HintOdpowiedź% Poprawnych
Opowieści Z Doliny SmokówBedoes
93%
AlicjaSzpaku
81%
P0K0RAŻabson
81%
koszmar minionego lataKartky
79%
CARDIOPaluch
73%
GAZPROMQuebonafide
70%
KGMKali
52%
Niech To UsłysząJan rapowanie
46%
Polskie MiamiJoda
45%
NARKOPOP I BORKaz Bałagane
44%
Say My NameReTo
36%
Jerry SpringerGuzior
31%
SafariKękę
30%
Jak gdyby nicKuban
28%
Budzę SięMałpa
12%

Rozkład punktacji

Percentyl według liczby udzielonych odpowiedzi

Procent ludzi z każdym wynikiem

Twoja historia wyników

Nie rozwiązałeś tego quizu